| 000 | 00579nam a2200205 i 4500 | ||
|---|---|---|---|
| 001 | 132772 | ||
| 003 | ES-MaACL | ||
| 005 | 20250806062843.0 | ||
| 007 | t| | ||
| 008 | 070214s1922 xxu r ||||1| eng d | ||
| 100 | 1 |
_aRosenau, Milton J. _999717 |
|
| 245 | 1 | 0 |
_aPreventive medicine and hygiene / _cMilton J. Rosenau. |
| 250 | _a4ยช. ed. | ||
| 260 |
_aNew York : _bD. Appleton, _c1922. |
||
| 300 |
_aXXXII, 1567 p. : _bil. ; _c24 cm. |
||
| 650 | 0 | 4 |
_aHigiene. _913347 |
| 650 | 0 | 7 |
_aMedicina preventiva _2embne _914936 |
| 852 |
_aES-MaACL _jB-11189 |
||
| 999 |
_c132772 _d132772 |
||